000 00626nam a2200181Ia 4500
008 090124s9999 xx 000 0 und d
082 _b17316
_a2165
100 _a"रेगे,खानोलकर,इ"
245 _a पु.शि.रेगे वाङ्मय दर्शन
250 _a1
260 _c1969
300 _a128
600 _a"रेगे,खानोलकर,इ"
630 _a पु.शि.रेगे वाङ्मय दर्शन
700 _a"रेगे,खानोलकर,इ"
730 _a पु.शि.रेगे वाङ्मय दर्शन
942 _cBOOK
999 _c131256
_d131256